Bir medyumun maceraları (Record no. 5125)

MARC details
000 -BAŞLIK
Sabit Uzunlukta Kontrol Alanı 00885na a2200265 4500
001 - KONTROL NUMARASI
Denetim Alanı 13186
003 - KONTROL NUMARASI IDENTIFIER
Denetim Alanı MIRAKIL
005 - SON İŞLEM TARİHİ VE ZAMANI
Denetim Alanı 20181213155028.0
008 - SABİT-BOY VERİ ELEMANLARI - GENEL BİLGİLER
Sabit Uzunlukta Kontrol Alanı 160817b tu 000 0
020 ## - ULUSLARARASI STANDART KİTAP NUMARASI
Uluslararası Standart Kitap Numarası 9757800635
035 ## - SİSTEM KONTROL NUMARASI
Sistem Kontrol Numarası 13186
040 ## - KATALOGLAMA KAYNAK
Orijinal Kataloglama Ajansı Milas
Kataloglama Dili tur
Metne Dönüştürmek Ajansı TR-AnCHP
082 ## - DEWEY ONLU SINIFLANDIRMA NUMARASI
Sınıflandırma Numarası 133.91
Ürün Numarası B66b 2001
090 ## - SINIFLAMA NUMARASI
Sınıflama Numarası 133.91 B66b 2001
100 ## - ANA GİRİŞ - KİŞİSEL İSİM
Kişisel Ad Browne, Sylvia
245 ## - BAŞLIK TABLOSU
Başlık Bir medyumun maceraları
Başlığın Kalan Amerika'nın en başarılı medyumunun etkileyici ve gerçek yaşam öyküsü
Sorumluluk Tablosu, Vb Sylvia Browne , Antoinette May ; Türkçesi: Güneş Tokcan
246 ## - UNVAN FORM VARYING
Başlık Doğru / Kısa Başlığı Amerika'nın en başarılı medyumunun etkileyici ve gerçek yaşam öyküsü
260 ## - YAYIN, DAĞITIM, VB
Yayın, Dağıtım, Vb Yeri İstanbul
Yayıncı, Dağıtıcı, Vs Adı Dharma Yayınları
Yayın, Dağıtım, Vb Tarihi 2001
300 ## - FİZİKSEL TANIM
Kapsam 337 s.
Diğer Fiziksel Ayrıntıları res.
Boyutlar 23 sm.
650 ## - KONU KATMA GİRİŞ - TOPİKAL DÖNEM
Topikal Süreli Veya Coğrafi Ad Giriş Elemanı Medyumlar
650 ## - KONU KATMA GİRİŞ - TOPİKAL DÖNEM
Topikal Süreli Veya Coğrafi Ad Giriş Elemanı Medyumluk
Genel Alt Bölümü Yaşamöyküsü
Coğrafi Alt Bölümü ABD
700 ## - KATMA GİRİŞ - KİŞİSEL İSİM
Kişisel Ad Tokcan, Güneş
700 ## - KATMA GİRİŞ - KİŞİSEL İSİM
Kişisel Ad May, Antoniette
942 ## - EKLENDİ GİRİŞ ELEMANLARI (KOHA)
Sınıflandırma Veya Raf Düzeni Kaynak
Koha Öğesi Türü Books
999 ## - SİSTEM KONTROL NUMARALARI (KOHA)
Koha Biblionumber 5125
Koha Biblioitemnumber 5125
Holdings
Kalıcı Konum Mevcut Konum Edinme Tarihi Edinim Kaynak Toplam Check-Out'Lar Tam Çağrı Numarası Barkod Tarih Son Görülme İtibaren Geçerli Fiyatlar Koha Öğesi Türü
CHP Kütüphanesi CHP Kütüphanesi 08/10/2016 Bağış   133.91 B66b 2001 000288 08/10/2016 08/10/2016 Books